000 00668nam a2200217 i 4500
001 84891
003 ES-MaACL
005 20250818131142.0
007 t|
008 041124s1972 sp f 00110bspa d
100 1 _aJerez, Jaime.
_966333
245 1 1 _a"Che" Guevara
_b: el hombre y la leyenda /
_cJaime Jerez.
260 _a[Madrid] :
_bCírculo de Amigos de la Historia,
_c[1972]
300 _a248 p., 13 lám. ;
_c18 cm.
490 1 _aFiguras singulares de nuestro tiempo
600 1 4 _aGuevara, Ernesto.
_960607
700 2 _a
_9241874
830 1 _aFiguras singulares de nuestro tiempo
_9231678
852 _aES-MaACL
_jC-53360
999 _c84891
_d84891